000 01064cab a2200313 4500
001 ABS56140
008 090401t1996 xxu||||| |||| 00| 0 eng d
035 _a(Sirsi) u21531
041 _aeng
100 _aAdair, A.
245 _aRegeneration processes in Northern Ireland: the public sector and partnership structures
260 _c1996
350 _a0
490 _aEuropean Planning Studies
_v4(5) 1996, 527-543(17)
520 _aLooks at mechanisms and initiatives to promote urban regeneration in Northern Ireland and considers the role of central government in the planning and development process. Refs.
650 _aBELFAST ACTION TEAMS
650 _aCOMMUNITY REGIONAL IMPROVEMENT SPECIAL PROGRAMME
650 _aLAGANSIDE
650 _aLOCAL GOVERNMENT (NORTHERN IRELAND) ACT 1972
650 _aMAKING BELFAST WORK
650 _aNORTHERN IRELAND
650 _aPARTNERSHIPS
650 _aSPRINGVALE INITITATVE
690 _aURBAN RENEWAL
700 _aBerry, J.
700 _aMcGreal, S.
942 _n0
948 _c04/03/1997
999 _c14453
_d14453